000 00430nam a2200145Ia 4500
008 240729s9999 xx 000 0 und d
022 _a2158-0529
245 0 _aInternational Journal of Biomedicine
260 _aUnited States
260 _bInternational Medical Research and Development Corporation
650 _aMedicine
856 _uhttps://doaj.org/toc/1d0dbf8c935e44808bb189f3a184c4a4
942 _2ddc
942 _cDOAJEJ
999 _c70572
_d70572
945 _a1
_bMadushi Gamage
_c1
_dMadushi Gamage